00749cam a2200229 a 450000100100000000500170001000800410002702000150006804000220008304100380010508200180014310000260016124000370018724500840022426000330030830000210034149000320036253400450039465000220043965000260046183000320048700001404720200929163442.0940624s1994 sp 000 1 spa  a8420481300 aDO-SdBNPbspacLC17aspahgag2Código de idioma MARC a863.64bR618s1 aRivas, Manuel,d1957-10aEn salvaxe compaña.lEspañol10aEn salvaje compañía /cManuel Rivas ; traducción al castellano del autor. aMadrid :bSantillana,c1994. a193 p. ;c22 cm.1 aAlfaguara Hispánica,v117 pTítulo original:tEn salvaxe compaña 4aNovela española 4aLiteratura española 0aAlfaguara Hispánica,v117